Saturn Award for Best Science Fiction Film - Statistics

General Stats
  • This quiz has been taken 220 times
    217 since last reset
  • The average score is 11 of 40
Answer Stats
Hint Answer % Correct
1977 Star Wars
95%
1980 Star Wars Episode V: The Empire Strikes Back
78%
1979 Alien
74%
1983 Star Wars Episode VI: Return of the Jedi
73%
1984 The Terminator
67%
1986 Aliens
61%
1991 Terminator 2: Judgment Day
52%
1999 The Matrix
52%
1982 E. T. the Extra-Terrestrial
46%
2009 Avatar
42%
2005 Star Wars Episode III: Revenge of the Sith
35%
1985 Back to the Future
29%
2010 Inception
29%
1993 Jurassic Park
27%
2008 Iron Man
25%
1978 Superman
25%
2002 Minority Report
24%
1996 Independence Day
23%
2012 The Avengers
22%
1990 Total Recall
22%
1987 RoboCop
20%
2001 A. I. Artificial Intelligence
18%
1973 Soylent Green
18%
1997 Men in Black
17%
1976 Logan's Run
16%
2000 X-Men
16%
1995 12 Monkeys
14%
1981 Superman II
14%
1992 Star Trek VI: The Undiscovered Country
12%
2006 Children of Men
11%
1998 Armageddon
10%
2003 X2
9%
Dark City
7%
1994 Stargate
6%
2004 Eternal Sunshine of the Spotless Mind
5%
1988 Alien Nation
3%
2007 Cloverfield
3%
2011 Rise of the Planet of the Apes
3%
1975 Rollerball
3%
1972 Slaughterhouse-Five
3%
No matching quizzes found
Score Distribution
Percent of People with Each Score
Percentile by Number Answered
Your Score History
You have not taken this quiz since the last reset